Statistics for Top 10 Most Visited Cities in 2023

Click here to take the quiz!

General Stats

  • This quiz has been taken 41 times
  • The average score is 7 of 10

Answer Stats

HintAnswer% Correct
EuropeParis
100%
EuropeLondon
97%
North AmericaNew York City
92%
AsiaTokyo
86%
Asia/EuropeIstanbul
81%
AsiaSingapore
70%
AsiaDubai
68%
AsiaBangkok
62%
AsiaKuala Lumpur
46%
AsiaAntalya
3%

Score Distribution

Percentile by Number Answered

Percent of People with Each Score

Your Score History

You have not taken this quiz